Music Quiz

Random Music or Album Quiz

Classic Rock Albums By Album Cover (Slideshow) Quiz Stats

Quiz not verified by Sporcle

Also try: 5 Album Runs
Challenge
Share
Tweet
Score 0/25 Timer 10:00
0 Plays Today
% Correct
AC/DC 'Highway to Hell'
77.8%
The Rolling Stones 'Let it Bleed'
71%
Pink Floyd 'Animals'
67.9%
Cream 'Disraeli Gears'
61.3%
David Bowie 'Hunky Dory'
54.8%
King Crimson 'In the Court of the Crimson King'
53.6%
John Lennon 'Double Fantasy'
52.3%
Blondie 'Parallel Lines'
51.1%
Steely Dan 'Aja'
48.2%
Alice Cooper 'Welcome to my Nightmare'
47.1%
Black Sabbath 'Heaven and Hell'
45.5%
Iron Maiden 'Powerslave'
42.5%
Billy Joel 'Glass Houses'
41.9%
% Correct
The Cars 'Candy-O'
40.3%
Genesis 'Selling England by the Pound'
39.8%
Mötley Crüe 'Shout at the Devil'
37.8%
The Police 'Outlandos d'Amour'
37.6%
Yes '90125'
36%
KISS 'Love Gun'
31.4%
Simon and Garfunkel 'Parsley, Sage, Rosemary and Thyme'
31.2%
The Who 'Face Dances'
28.1%
Talking Heads 'Speaking in Tongues'
26.2%
Thin Lizzy 'Johnny the Fox'
15.8%
Sweet 'Desolation Boulevard'
12.9%
Al Stewart 'Time Passages'
12.4%

You're not logged in!

Compare scores with friends on all Sporcle quizzes.
Sign Up with Email
OR
Log In

You Might Also Like...

Show Comments

Extras

Top Quizzes Today


Score Distribution

Your Account Isn't Verified!

In order to create a playlist on Sporcle, you need to verify the email address you used during registration. Go to your Sporcle Settings to finish the process.